Introducción a los suelos y al crecimiento de las plantas

Saved in:
Bibliografiske detaljer
Main Authors: Donahue, Roy L (Author), Miller, Raymound W (Author), Shickluna, John C (Author)
Format: Bog
Sprog:spansk
Udgivet: Bogotá Prentice-Hall Internacional 1981
Fag:
Tags: Tilføj Tag
Ingen Tags, Vær først til at tagge denne postø!

MARC

LEADER 00000nam a2200000 a 4500
001 UCS7441
003 CL-VaPUC
008 971017e19810000CK |||||||||||||||||spa|d
082 0 4 |a 631.4  |b DON  |2 21 
100 0 |a Donahue, Roy L  |e author  |9 392545 
700 0 |a Miller, Raymound W  |e author  |9 392546 
700 0 |a Shickluna, John C  |e author  |9 392547 
245 1 0 |a Introducción a los suelos y al crecimiento de las plantas 
300 |a 624 p 
942 |c BK 
945 |d 19971017 00:00:00  |a rleighto 
260 |a Bogotá  |b Prentice-Hall Internacional  |c 1981 
650 7 |a EDAFOLOGIA  |2 CL-VaPUC  |9 392548 
650 0 |a Crecimiento de las plantas  |9 334405 
650 0 |a Suelos  |9 260322 
650 0 |a Propiedades del suelo  |9 350106 
650 0 |a Agua del suelo   |9 348474 
650 0 |a Ecología del suelo  |9 269510 
650 0 |a Fertilizantes  |9 262833 
650 0 |a Conservación del suelo  |9 363984 
650 0 |a Riego  |9 259685 
650 7 |a CLASIFICACION DE SUELOS  |2 CL-VaPUC  |9 392549 
583 |a last modification  |c 19971017 00:00:00  |k Rodrigo Vera 
999 |c 262536  |d 262534